| 000 | 00416nam a22001457a 4500 | ||
|---|---|---|---|
| 999 |
_c510701 _d510701 |
||
| 008 | 190829b ||||| |||| 00| 0 eng d | ||
| 100 |
_aSatpathy, Sumanyu _99128 |
||
| 245 | _aAllusive politics: English Fakir Mohan Senapati and the Rebati epigraph | ||
| 260 | _c2019 | ||
| 300 | _ap.27-31. | ||
| 650 |
_aLingusitics _99129 |
||
| 773 | _aEconomic and Political Weekly | ||
| 906 | _aNationalism | ||
| 942 |
_2ddc _cAR |
||